000 00876nab a2200253uu 4500
001 13377
003 HDC
007 cr aa aaaau
008 210212p2001 my ||||| |||| 00| 0 eng d
040 _aHDC
100 _aKarimah Ahmad
_eauthor
_914204
245 0 _aPotential of Palm Blend in the Formulation of Mozzarella Analogue / by
_cKarimah Ahmad
260 _aKuala Lumpur :
_bMalaysian Palm Oil Board,
_c2001
300 _a1 online resource (7 pages)
336 _atext
_2rdacontent
337 _acomputer
_2rdamedia
338 _aonline resource
_2rdacarrier
650 _aMozzarella Analogue
_914206
650 _aPalm Blend
_914205
856 _zRequest full-text at [email protected]
942 _2lcc
942 _cAR
942 _kJART 003323
999 _c10693
_d10693